[Event "Amber-rapid 5th"]
[Site "Monte Carlo"]
[Date "1996.??.??"]
[Round "1"]
[White "Ljubojevic, Ljubomir"]
[Black "Piket, Jeroen"]
[Result "0-1"]
[WhiteElo "2600"]
[BlackElo "2570"]

1.d4 d5 2.c4 c6 3.Nf3 Nf6 4.Nc3 e6 5.e3 Nbd7 6.Bd3 dxc4 7.Bxc4 b5 8.Bd3 b4
9.Ne4 Be7 10.O-O Bb7 11.Nxf6+ Nxf6 12.Qe2 O-O 13.Rd1 c5 14.dxc5 Qa5 15.e4 Qxc5
16.Bg5 h6 17.Rac1 Qa5 18.Bf4 Rfc8 19.e5 Nd7 20.Bh7+ Kxh7 21.Rxd7 Rxc1+ 22.Bxc1 Rc8
23.Bd2 Rc7 24.Qd3+ Kg8 25.a3 Ba6 26.Rxc7 Bxd3 27.Rxe7 bxa3 28.Bxa5 a2 29.Ne1 a1=Q
30.Bc3 Bb5 31.Rb7 a6 32.Rb8+ Kh7 33.Rb7 Kg6 34.h3 Qd1 35.Kh2 Qe2 36.Kg3 Bc6
37.Rc7 Bd5 38.Nf3 Bxf3 39.gxf3 Qf1 40.Ra7 h5 41.Bd4 Qg1+ 42.Kf4 Qg5+ 43.Ke4 Qf5+
44.Ke3 Qxh3 45.Rxa6 h4 46.Ra1 Qg2 47.b4 h3 48.b5 h2  0-1

[Event "Amber-rapid 5th"]
[Site "Monte Carlo"]
[Date "1996.??.??"]
[Round "2"]
[White "Karpov, Anatoly"]
[Black "Anand, Viswanathan"]
[Result "1/2-1/2"]
[WhiteElo "2770"]
[BlackElo "2725"]

1.d4 d5 2.c4 c6 3.Nf3 Nf6 4.Nc3 e6 5.e3 Nbd7 6.Bd3 dxc4 7.Bxc4 b5 8.Bd3 b4
9.Ne4 Be7 10.O-O Bb7 11.Nxf6+ Nxf6 12.a3 O-O 13.axb4 Bxb4 14.e4 h6 15.e5 Nd7
16.Bc2 Re8 17.Qd3 Nf8 18.Qe4 Ng6 19.Rd1 Qe7 20.Qg4 c5 21.Bxg6 fxg6 22.Qxg6 Qf7
23.Qxf7+ Kxf7 24.dxc5 Bxc5 25.Be3 Bxf3 26.gxf3 Bxe3 27.fxe3 Re7 28.Kf2 Rb8
29.Rd2 Rb5 30.f4 Reb7 31.Kf3 g5 32.Ra6 gxf4 33.exf4 h5 34.Kg3 Rb4 35.Rf2 R4b6
36.Rxb6 Rxb6 37.f5 Rb4 38.Rf4 Rxb2  1/2-1/2

[Event "Amber-rapid 5th"]
[Site "Monte Carlo"]
[Date "1996.??.??"]
[Round "8"]
[White "Karpov, Anatoly"]
[Black "Kramnik, Vladimir"]
[Result "1/2-1/2"]
[WhiteElo "2770"]
[BlackElo "2775"]

1.d4 d5 2.c4 c6 3.Nf3 Nf6 4.Nc3 e6 5.e3 Nbd7 6.Bd3 dxc4 7.Bxc4 b5 8.Bd3 Bb7
9.a3 b4 10.Ne4 Nxe4 11.Bxe4 bxa3 12.bxa3 Bd6 13.Bd2 Rb8 14.O-O O-O 15.Bb4 c5
16.dxc5 Bxc5 17.Bxb7 Rxb7 18.Nd4 Qb6 19.Bxc5 Qxc5 20.Qd2 Qd5 21.Qc3 h6 22.Rac1 Ne5
23.h3 Rfb8 24.Qc5 Qe4 25.Qc2 Qd5 26.Qa4 Qe4 27.Qc2 Qd5  1/2-1/2

[Event "Amber-rapid 5th"]
[Site "Monte Carlo"]
[Date "1996.??.??"]
[Round "10"]
[White "Lautier, Joel"]
[Black "Kramnik, Vladimir"]
[Result "1/2-1/2"]
[WhiteElo "2630"]
[BlackElo "2775"]

1.d4 d5 2.c4 c6 3.Nf3 Nf6 4.Nc3 e6 5.e3 Nbd7 6.Bd3 dxc4 7.Bxc4 b5 8.Bd3 Bb7
9.O-O a6 10.e4 c5 11.d5 Qc7 12.Bc2 c4 13.dxe6 fxe6 14.Nd4 Nc5 15.Be3 e5 16.Nf5 Ncxe4
17.Nxe4 Nxe4 18.a4 Qc6 19.axb5 axb5 20.Rxa8+ Bxa8 21.Qg4 g6 22.Nh6 Nf6 23.Qg3 Bxh6
24.Bxh6 Kf7 25.f4 exf4 26.Bxf4 Re8 27.Bg5 Re6 28.h3 Kg7 29.Rf2 Qd6 30.Qc3 h6
31.Bh4 b4 32.Qxc4 Re1+ 33.Rf1 Rxf1+ 34.Kxf1 g5 35.Bf2 Qh2  1/2-1/2

[Event "Montreal op"]
[Site "Montreal"]
[Date "1996.??.??"]
[Round "3"]
[White "Taylor, Gordon"]
[Black "Vera, Reynaldo"]
[Result "0-1"]
[WhiteElo "2340"]
[BlackElo "2495"]

1.d4 d5 2.c4 e6 3.Nf3 Nf6 4.Nc3 c6 5.e3 Nbd7 6.Bd3 dxc4 7.Bxc4 b5 8.Bd3 b4
9.Ne4 Bb7 10.O-O Be7 11.Nxf6+ Nxf6 12.e4 O-O 13.Bg5 c5 14.dxc5 Nd7 15.Bxe7 Qxe7
16.c6 Bxc6 17.Rc1 Nc5 18.Qc2 Nxd3 19.Qxd3 Qb7 20.Rfe1 Rfd8 21.Qe3 a5 22.Ne5 Bb5
23.h3 Rac8 24.Rxc8 Rxc8 25.Rd1 h6 26.Rd6 Qc7 27.Qd2 a4 28.Nf3 a3 29.bxa3 bxa3
30.Kh2 Bc6 31.e5 Bd5 32.Nd4 Rb8 33.Qe3 Rb2 34.Ra6 Rxa2 35.Nb5 Qc4 36.Ra5 Qf1  0-1

[Event "Moscow GM2"]
[Site "Moscow"]
[Date "1996.??.??"]
[Round "?"]
[White "Pogorelov, Ruslan"]
[Black "Panchenko, Alexander N"]
[Result "1-0"]
[WhiteElo "2440"]
[BlackElo "2465"]

1.Nf3 Nf6 2.c4 e6 3.Nc3 d5 4.d4 c6 5.e3 Nbd7 6.Qc2 Bd6 7.Be2 O-O 8.O-O b6
9.e4 Nxe4 10.Nxe4 dxe4 11.Qxe4 Bb7 12.Rd1 Qe7 13.Bf4 Nf6 14.Bxd6 Qxd6 15.Qe3 c5
16.dxc5 Qxc5 17.Qxc5 bxc5 18.Rd2 Rfd8 19.Rad1 Rxd2 20.Rxd2 Kf8 21.Ne5 Ke7
22.f3 Rc8 23.Rd3 Rc7 24.Ra3 a6 25.Kf2 Nd7 26.Nxd7 Rxd7 27.Ke3 g5 28.Ra5 Rc7
29.a3 f5 30.Bd3 h5 31.b4 cxb4 32.axb4 Kf6 33.g3 e5 34.f4 Re7 35.fxe5+ Rxe5+
36.Kd4 Rxa5 37.bxa5 h4 38.gxh4 gxh4 39.Kc5 Ke5 40.Kb6 Bc8 41.c5 f4 42.Be2 Kd4
43.c6 Ke3 44.Bf1 f3 45.c7 h3 46.Ka7 Bg4 47.Bxa6 f2 48.Kb8 Kf3 49.Bf1  1-0

[Event "Moscow IM4"]
[Site "Moscow"]
[Date "1996.??.??"]
[Round "?"]
[White "Lymar, Irina"]
[Black "Edzgveradze, Natalia"]
[Result "1-0"]
[WhiteElo "2210"]
[BlackElo "2305"]

1.d4 d5 2.Nf3 c6 3.c4 Nf6 4.Nc3 e6 5.e3 Nbd7 6.Bd3 dxc4 7.Bxc4 b5 8.Bd3 Bb7
9.O-O b4 10.Ne4 Be7 11.a3 Nxe4 12.Bxe4 bxa3 13.bxa3 Qc7 14.Bd2 O-O 15.Qa4 c5
16.Ba5 Nb6 17.Qc2 Bxe4 18.Qxe4 cxd4 19.Rac1 Qd7 20.Nxd4 Qa4 21.Qb7 Bxa3 22.Nc6 Qb3
23.Rc3  1-0

[Event "Moscow-C"]
[Site "Moscow"]
[Date "1996.??.??"]
[Round "?"]
[White "Mitenkov, Alexey"]
[Black "Panus, Victor"]
[Result "1-0"]
[WhiteElo "2445"]
[BlackElo "2165"]

1.d4 Nf6 2.c4 e6 3.Nf3 d5 4.Nc3 c6 5.e3 Nbd7 6.Bd3 Bd6 7.O-O O-O 8.e4 dxe4
9.Nxe4 Nxe4 10.Bxe4 h6 11.Bc2 e5 12.c5 Bc7 13.Qd3 f5 14.dxe5 Nxe5 15.Qb3+ Kh8
16.Re1 Nxf3+ 17.Qxf3 Qf6 18.Bf4 Bxf4 19.Qxf4 Be6 20.Re5 Rad8 21.Rae1 Bc8
22.b4 Qg6 23.h4 Qg4 24.Qxg4 fxg4 25.Bg6 Rd2 26.Re8 Rd8 27.Kh2 Rdxe8 28.Rxe8 Rxe8
29.Bxe8 Bf5 30.Kg3 g6 31.Kf4 Kg7 32.h5 Be6 33.a3 g5+ 34.Ke5 Bd5 35.g3 Kf8
36.Bd7 Ke7 37.Bxg4 b6 38.cxb6 axb6 39.a4 Bc4 40.f4 gxf4 41.gxf4 Ba6 42.f5 c5
43.f6+ Kf8 44.bxc5 bxc5 45.Bf5 Ke8 46.a5 c4 47.Bg6+ Kd7 48.Kd4 Ke6 49.f7 Ke7
50.Kc3 Kf8 51.Kb4 Ke7 52.Kc5 c3 53.Kd4 c2 54.Bxc2 Kxf7 55.Bd3 Bc8 56.Kc5 Ke7
57.Kb6 Kd6 58.Be4  1-0

[Event "Moscow GM3"]
[Site "Moscow"]
[Date "1996.??.??"]
[Round "?"]
[White "Aleksandrov, Aleksej"]
[Black "Filippov, Valerij"]
[Result "1-0"]
[WhiteElo "2535"]
[BlackElo "2530"]

1.d4 d5 2.c4 c6 3.Nc3 Nf6 4.e3 e6 5.Nf3 Nbd7 6.Bd3 dxc4 7.Bxc4 b5 8.Be2 Bb7
9.O-O b4 10.Na4 c5 11.dxc5 Nxc5 12.a3 Ncd7 13.Qd4 bxa3 14.b4 Be7 15.Bxa3 O-O
16.Rfd1 Nb6 17.Nc5 Qxd4 18.Rxd4 Bc6 19.b5 Bd5 20.e4 Rfc8 21.exd5 Bxc5 22.Bxc5 Rxc5
23.dxe6 fxe6 24.Rd6 Re8 25.Rc6 Rxc6 26.bxc6 Re7 27.Ne5 Rc7 28.Ba6 Kf8 29.Bb7 Ke7
30.f4 Nfd7 31.Nf3 Nc5 32.Nd4 a6 33.Ra5 Nxb7 34.Rxa6 Nd5 35.cxb7 Rxb7 36.Rxe6+ Kd7
37.f5 Nf4 38.Re4 Nd3 39.h3 Kd6 40.Nf3 Nc5 41.Re2 Rb4 42.Ng5 Rf4 43.g4 g6
44.fxg6 hxg6 45.Kg2 Rf8 46.Kg3 Rb8 47.Nf7+ Kd5 48.Re5+ Kd4 49.Re7 Kd5 50.Ng5 Rb3+
51.Kh4 Nd3 52.Re3 Kd4 53.Rf3 Rb6 54.Rf8 Ke5 55.Nf3+ Ke6 56.Kg5 Ke7 57.Ra8 Nf2
58.Ra7+ Kf8 59.Kh4 Rb3 60.Ng5 Kg8 61.Re7 Ra3 62.Re2 Nd3 63.Re8+ Kg7 64.Re3 Rb3
65.Rf3 Kg8 66.Ne6 Rb6 67.Rxd3 Rxe6 68.Kg5 Kg7 69.Rd7+ Kf8 70.Ra7 Rb6 71.Kh6 Rb3
72.Kxg6 Rxh3 73.Ra8+ Ke7 74.Kg7 Rg3 75.Ra4 Ke6 76.Kg6 Ke7 77.Rf4 Ke6 78.g5 Ke5
79.Rf1 Ra3 80.Kh6  1-0

[Event "Moscow-ch"]
[Site "Moscow"]
[Date "1996.??.??"]
[Round "1"]
[White "Riazantsev, Alexander"]
[Black "Kuznetsov, Lev"]
[Result "0-1"]
[WhiteElo "2350"]
[BlackElo "2265"]

1.d4 d5 2.c4 c6 3.Nf3 Nf6 4.Nc3 e6 5.e3 Nbd7 6.Bd3 dxc4 7.Bxc4 b5 8.Bd3 a6
9.e4 c5 10.d5 exd5 11.e5 Ng4 12.Qe2 Nb6 13.O-O h5 14.h3 Nh6 15.Ng5 Be7 16.Qxh5 g6
17.Bxg6 fxg6 18.Qxg6+ Kd7 19.Nf3 Kc7 20.Bxh6 Bxh3 21.Bg7 Rg8 22.gxh3 Qf8
23.Bxf8 Rxg6+ 24.Kh2 Rxf8 25.Ng1 Bh4 26.Rad1 Kc6 27.Rd2 Bg3+ 28.Kh1 Bxe5
29.Re2 Bd6 30.Rc2 Nc4 31.Nd1 d4 32.b3 Nb6 33.Rd2 Rgg8 34.Nb2 Nd5 35.Nd3 c4
36.bxc4 bxc4 37.Ne1 d3 38.Nxd3 cxd3 39.Rxd3 Nf4 40.Rc3+ Kb7 41.Rb3+ Ka7 42.Rd1 Bb8
43.Rb2 Rg2 44.Nf3  0-1

[Event "RUS-Cup2"]
[Site "Moscow"]
[Date "1996.??.??"]
[Round "1"]
[White "Kharitonov, Andrei Y"]
[Black "Yasinsky, V."]
[Result "1-0"]
[WhiteElo "2540"]
[BlackElo "2305"]

1.d4 d5 2.c4 c6 3.Nf3 Nf6 4.Nc3 e6 5.e3 Nbd7 6.Qc2 Bd6 7.Be2 O-O 8.O-O dxc4
9.Bxc4 e5 10.Bb3 Qe7 11.h3 b6 12.Rd1 Bb7 13.e4 c5 14.d5 Ba6 15.Ba4 c4 16.Bg5 Nc5
17.Bc6 Rab8 18.b4 Nd3 19.a3 b5 20.Nh4 g6 21.Nf3 Kg7 22.Qd2 Rfc8 23.Qe3 Qc7
24.Bxf6+ Kxf6 25.Qh6 Rh8 26.Nh2 Ke7 27.Ng4 Qb6 28.Qg5+ Kf8 29.Qf6  1-0

[Event "RUS-Cup2"]
[Site "Moscow"]
[Date "1996.??.??"]
[Round "1"]
[White "Korotylev, Alexey"]
[Black "Panus, Victor"]
[Result "1-0"]
[WhiteElo "2435"]
[BlackElo "2130"]

1.d4 d5 2.c4 c6 3.Nc3 Nf6 4.e3 e6 5.Nf3 Nbd7 6.Qc2 Bd6 7.Be2 O-O 8.O-O dxc4
9.Bxc4 e5 10.Bb3 Qe7 11.h3 h6 12.Nh4 Re8 13.Nf5 Qf8 14.Nxd6 Qxd6 15.Rd1 e4
16.d5 c5 17.a4 Qe5 18.a5 Qg5 19.Ra4 c4 20.Rxc4 Ne5 21.Nxe4 Nxe4 22.Qxe4 Bf5
23.Qf4 Nxc4 24.Qxg5 hxg5 25.Bxc4 Rac8 26.b3 Bc2 27.Re1 b5 28.Bxb5 Bxb3 29.e4 f6
30.Be3 Bc2 31.f3 Rb8 32.Bc6  1-0

[Event "Moscow-ch"]
[Site "Moscow"]
[Date "1996.??.??"]
[Round "2"]
[White "Hachatrian, Vahagn"]
[Black "Kuznetsova, Elena"]
[Result "1-0"]
[WhiteElo "2340"]
[BlackElo "2250"]

1.Nf3 d5 2.d4 e6 3.c4 Nf6 4.Nc3 c6 5.e3 Bd6 6.Bd3 Nbd7 7.O-O O-O 8.e4 dxe4
9.Nxe4 Nxe4 10.Bxe4 Nf6 11.Bc2 b6 12.Qd3 h6 13.b3 Qc7 14.Bb2 Rd8 15.Rfe1 Bb7
16.Rad1 Kf8 17.Bb1 Ke7 18.Qc2 Rh8 19.c5 Bf4 20.g3 Bg5 21.h4 Bf4 22.gxf4 Qxf4
23.Qf5 Qc7 24.Qe5 Qxe5 25.dxe5 Nd5 26.Nd2 g5 27.Ne4 Rag8 28.Nf6 Rg7 29.h5  1-0

[Event "Moscow Alekhine op"]
[Site "Moscow"]
[Date "1996.??.??"]
[Round "2"]
[White "Krechetov, Alexander"]
[Black "Panus, Victor"]
[Result "1-0"]
[WhiteElo "2325"]
[BlackElo "2165"]

1.Nf3 Nf6 2.c4 e6 3.Nc3 d5 4.d4 c6 5.e3 Nbd7 6.Qc2 Bd6 7.b3 O-O 8.Be2 Re8
9.O-O dxc4 10.bxc4 e5 11.Rd1 e4 12.Nd2 Qe7 13.Nf1 Nf8 14.f4 exf3 15.Bxf3 Bg4
16.e4 Bxf3 17.gxf3 Nh5 18.e5 Bc7 19.f4 Rad8 20.Be3 Ne6 21.Ne2 Qh4 22.Qe4 Ng5
23.Qf5 Nf3+ 24.Kg2 Qxh2+ 25.Kxf3 Qh1+ 26.Kf2 Re6 27.Neg3 Nxg3 28.Nxg3 Qh2+
29.Kf3 Rg6 30.Bf2  1-0

[Event "RUS-Cup2"]
[Site "Moscow"]
[Date "1996.??.??"]
[Round "2"]
[White "Evseev, Denis"]
[Black "Burmakin, Vladimir"]
[Result "0-1"]
[WhiteElo "2395"]
[BlackElo "2505"]

1.d4 d5 2.c4 e6 3.Nf3 c6 4.e3 Nf6 5.Nc3 Nbd7 6.Qc2 Bd6 7.Be2 O-O 8.O-O Qe7
9.e4 dxe4 10.Nxe4 Nxe4 11.Qxe4 e5 12.Bg5 Qe6 13.c5 Bc7 14.Rfe1 Qg6 15.Qxg6 hxg6
16.Bc4 Re8 17.Bf4 Rd8 18.Nxe5 Bxe5 19.Bxe5 Nxe5 20.Rxe5 Kf8 21.Rd1 b6 22.f3 Rb8
23.Rd2 Rb7 24.cxb6 axb6 25.Kf2 Rbd7 26.Ke3 Rd6 27.g4 f6 28.Re4 b5 29.Bb3 c5
30.g5 fxg5 31.Re5 cxd4+ 32.Kf2 Rf6 33.Rd5 Rxd5 34.Bxd5 Rd6 35.Bb3 Bf5 36.a4 bxa4
37.Bxa4 Ke7 38.Bb3 Kf6 39.Re2 g4 40.f4 g5 41.Kg3 gxf4+ 42.Kxf4 g5+ 43.Kg3 d3
44.Re3 Rb6 45.Bd1 Rxb2 46.Bxg4 Bxg4 47.Kxg4 d2 48.Rf3+ Kg6 49.Rf1 Rb3 50.Rd1 Rd3
51.h3 Kf6 52.Rf1+ Kg7  0-1

[Event "RUS-Cup2"]
[Site "Moscow"]
[Date "1996.??.??"]
[Round "2"]
[White "Mitenkov, Alexey"]
[Black "Volodin, Viktor"]
[Result "1/2-1/2"]
[WhiteElo "2470"]
[BlackElo "2350"]

1.c4 e6 2.Nc3 d5 3.d4 c6 4.e3 Nf6 5.Nf3 Nbd7 6.Bd3 dxc4 7.Bxc4 b5 8.Bd3 Bb7
9.O-O b4 10.Ne4 Be7 11.Nxf6+ Nxf6 12.e4 O-O 13.Qc2 h6 14.Be3 Rc8 15.Nd2 Ng4
16.Nb3 Qc7 17.g3 Nxe3 18.fxe3 c5 19.Rac1 Qd7 20.Nxc5 Bxc5 21.dxc5 Rfd8 22.Rfd1 Qc6
23.Kf2 f5 24.Be2 Rxd1 25.Qxd1 Qxe4 26.Bf3 Qxf3+ 27.Qxf3 Bxf3 28.Kxf3 Kf7
29.e4 Kf6 30.Ke3 Ke5 31.exf5 exf5 32.Kd3 Kd5 33.Rc4 Rxc5 34.Rxb4 g5 35.Rb7 Ra5
36.a3 f4 37.gxf4 gxf4 38.Rh7 Ra6 39.Rb7 Ra5 40.Ke2 Kc6 41.Rh7  1/2-1/2

[Event "Moscow-ch"]
[Site "Moscow"]
[Date "1996.??.??"]
[Round "3"]
[White "Kunin, Vitaly L"]
[Black "Zaitsev, Mikhail"]
[Result "1-0"]
[WhiteElo "2070"]
[BlackElo "2255"]

1.d4 d5 2.c4 e6 3.Nc3 c6 4.e3 Nf6 5.Nf3 Nbd7 6.b3 Bd6 7.Bb2 O-O 8.Bd3 Re8
9.O-O e5 10.dxe5 Nxe5 11.cxd5 Nxf3+ 12.gxf3 Bh3 13.Re1 Nxd5 14.f4 Bxf4 15.Bxh7+ Kxh7
16.Qh5+ Kg8 17.Nxd5 Qxd5 18.Qxd5 cxd5 19.exf4 Re4 20.Re3 Bg4 21.Rg3 Rxf4
22.f3 Bxf3 23.Rf1  1-0

[Event "Moscow Alekhine op"]
[Site "Moscow"]
[Date "1996.??.??"]
[Round "4"]
[White "Notkin, Maksim"]
[Black "Yagupov, Igor"]
[Result "1/2-1/2"]
[WhiteElo "2515"]
[BlackElo "2450"]

1.d4 d5 2.c4 c6 3.Nc3 Nf6 4.Nf3 e6 5.e3 Nbd7 6.Qc2 b6 7.Be2 Bb7 8.O-O Be7
9.b3 O-O 10.Bb2 Qc7 11.Rad1 Rfd8 12.Rfe1 Rac8 13.Bf1 c5 14.cxd5 cxd4 15.Nxd4 Nxd5
16.Nxd5 Bxd5 17.Qb1 Nc5 18.Nb5 Qb8 19.Qa1 f6 20.Nc3 Bc6 21.b4 Nd7 22.a3 Nf8
23.Qa2 b5 24.Qb3 a6 25.h3 Bd6 26.Rd4 Bh2+ 27.Kh1 Be5 28.Rxd8 Rxd8 29.Rd1 Qc7
30.Rxd8 Qxd8 31.Qd1 Qc8 32.Qd2 Bb8 33.Ne2 Qc7 34.f4 e5 35.fxe5 Nd7 36.Nf4 Nxe5
37.Qc3 Qd7 38.Qd4 Ba7 39.Qxd7 Nxd7 40.Bd4 Bb8 41.Bd3 Ne5  1/2-1/2

[Event "Moscow-ch"]
[Site "Moscow"]
[Date "1996.??.??"]
[Round "4"]
[White "Baikov, Vladimir A"]
[Black "Ushakova, Natalia"]
[Result "1-0"]
[WhiteElo "2470"]
[BlackElo "2090"]

1.d4 d5 2.c4 e6 3.Nf3 c6 4.e3 Nf6 5.Nc3 Nbd7 6.Bd3 Bd6 7.O-O O-O 8.e4 dxe4
9.Nxe4 Nxe4 10.Bxe4 f5 11.Bc2 e5 12.c5 Bc7 13.Bb3+ Kh8 14.Ng5 Nf6 15.dxe5 Nd5
16.Qh5 h6 17.Nf7+ Rxf7 18.Qxf7 Bxe5 19.Re1 Qf6 20.Qe8+ Kh7 21.Qxe5  1-0

[Event "Moscow-ch"]
[Site "Moscow"]
[Date "1996.??.??"]
[Round "5"]
[White "Tunik, Gennady"]
[Black "Gorelov, Sergey G"]
[Result "1/2-1/2"]
[WhiteElo "2440"]
[BlackElo "2485"]

1.d4 Nf6 2.c4 e6 3.Nf3 d5 4.Nc3 c6 5.e3 Nbd7 6.Bd3 dxc4 7.Bxc4 b5 8.Bd3 b4
9.Ne4 c5 10.dxc5 Nxc5 11.Bb5+ Bd7 12.Bxd7+ Qxd7 13.Nxf6+ gxf6 14.Qxd7+ Kxd7
15.Ke2 Bd6 16.Bd2 a5 17.Rhc1 Rhc8 18.Rc2 b3 19.Rc4 bxa2 20.Rxa2 Nb3 21.Rxc8 Rxc8
22.Nd4 Nxd2 23.Kxd2 Bb4+ 24.Kd1 Rc5 25.Ra1 e5 26.Nb3 Rb5 27.Kc2 f5 28.Rd1+ Ke7
29.Nc1 Bd6 30.Ne2 Ke6 31.h3 Be7 32.g4 Bh4 33.f3 Rc5+ 34.Nc3 Bg5 35.Kd3 fxg4
36.fxg4 f5 37.gxf5+ Kxf5 38.Rf1+ Ke6 39.Ne4 Rd5+ 40.Kc4 Be7 41.Rf7 Rd1 42.Rxh7 Re1
43.Nc3 Bb4 44.Rh6+ Kf5 45.Rh5+ Ke6 46.e4 Bxc3 47.Rh6+ Kd7 48.bxc3 Rxe4+ 49.Kd5 Re3
50.c4 a4 51.h4 a3 52.Ra6 Kc7 53.h5 Rh3 54.h6 a2 55.Ra7+ Kb6 56.Rxa2 Rxh6
57.c5+ Kb7 58.Rg2 Rh7 59.Rb2+ Kc7 60.Ra2 Rd7+  1/2-1/2

[Event "Moscow Alekhine op"]
[Site "Moscow"]
[Date "1996.??.??"]
[Round "5"]
[White "Lundin, Alexandr"]
[Black "Gorelov, Sergey G"]
[Result "0-1"]
[WhiteElo "2285"]
[BlackElo "2480"]

1.d4 d5 2.c4 e6 3.Nc3 c6 4.Nf3 Nf6 5.e3 Nbd7 6.Qc2 Bd6 7.Bd3 O-O 8.O-O dxc4
9.Bxc4 b5 10.Bd3 Bb7 11.e4 e5 12.dxe5 Nxe5 13.Nxe5 Bxe5 14.h3 a6 15.Be3 Re8
16.Rad1 Qc7 17.Ne2 c5 18.f4 c4 19.fxe5 Qxe5 20.Bxc4 bxc4 21.Nc3 Bxe4 22.Qf2 Bd3
23.Bd4 Qh5 24.Rfe1 Nd7 25.Qg3 f6 26.Qd6 Ne5 27.Bb6 Qf7 28.Qd4 Re6 29.Ne4 Rae8
30.Nd2 Nc6 31.Qf2 Be2 32.Rb1 Nb4  0-1

[Event "RUS-Cup2"]
[Site "Moscow"]
[Date "1996.??.??"]
[Round "5"]
[White "Evseev, Denis"]
[Black "Malakhov, Vladimir"]
[Result "1/2-1/2"]
[WhiteElo "2395"]
[BlackElo "2525"]

1.d4 d5 2.c4 c6 3.Nf3 Nf6 4.Nc3 e6 5.e3 Nbd7 6.Qc2 Be7 7.Be2 O-O 8.O-O b6
9.e4 dxe4 10.Nxe4 c5 11.dxc5 Nxc5 12.Nxc5 bxc5 13.Bf4 Bb7 14.Rad1 Qb6 15.Ne5 Rad8
16.Bf3 Bxf3 17.Nxf3 h6 18.h3 Rxd1 19.Rxd1 Rd8 20.Rxd8+ Qxd8 21.Qd2 Qa8 22.Qd3 Qb7
23.Be5 Ne4 24.b3 f6 25.Bb2 Nd6 26.Nh4 Qe4 27.Qxe4 Nxe4 28.Nf3 Kf7 29.Kf1 e5
30.Ke2 Ke6 31.Ne1 Nd6 32.Nd3 Nb7 33.Ke3 Bd6 34.f4 exf4+ 35.Nxf4+ Bxf4+ 36.Kxf4 h5
37.h4 g6 38.Bc1 Nd8 39.Ke4 Nb7 40.Be3 a6 41.Bf2 Nd6+ 42.Kf3 Nb7 43.Kf4 Kd6
44.Be1 Nd8 45.Bc3 Ke6 46.a3 Nb7 47.Bd2 Nd6 48.Be3 Nb7 49.b4 cxb4 50.axb4 Nd6
51.c5 Nf5 52.Bf2 Kd5 53.Be1 Nd4 54.Bd2 Ne6+ 55.Ke3 f5 56.Kd3  1/2-1/2

[Event "RUS-Cup2"]
[Site "Moscow"]
[Date "1996.??.??"]
[Round "5"]
[White "Kunin, Vitaly L"]
[Black "Deviatkin, Andrei"]
[Result "1/2-1/2"]
[WhiteElo "2320"]
[BlackElo "2215"]

1.c4 Nf6 2.Nc3 c6 3.d4 d5 4.e3 e6 5.Nf3 Bd6 6.Qc2 Nbd7 7.b3 Qe7 8.Bd3 e5
9.cxd5 Nxd5 10.Nxd5 cxd5 11.dxe5 Nxe5 12.Bb5+ Bd7 13.Bxd7+ Qxd7 14.Nxe5 Bxe5
15.Bb2 Rc8 16.Qxc8+ Qxc8 17.Bxe5 Qf5 18.Bd4 Qd3 19.Rd1 Qa6 20.Bxg7 Rg8 21.Be5 d4
22.exd4 Rxg2 23.Bg3 h5 24.Rd2 h4 25.Bxh4 Rg4 26.Bg3 Qa5 27.Kd1 Re4 28.Re1 Qh5+
29.Ree2 Kd7 30.Ke1 Qf3 31.Re3 Rxe3+ 32.fxe3 Qxe3+ 33.Kd1 Qf3+ 34.Kc2 Qd5
35.Be5 f6 36.Bg3 Kc6 37.Kb2 Kb5 38.Bf2 b6 39.Rc2 Ka6 40.Rd2 Kb5 41.h4 a5
42.Rc2 a4 43.bxa4+ Kxa4 44.Kc1 Qf3 45.Rd2 Qh1+ 46.Kb2 Qd5 47.Kc1  1/2-1/2

[Event "RUS-Cup2"]
[Site "Moscow"]
[Date "1996.??.??"]
[Round "6"]
[White "Volkov, Sergey"]
[Black "Gagarin, Vasilij"]
[Result "1-0"]
[WhiteElo "2485"]
[BlackElo "2420"]

1.d4 d5 2.c4 c6 3.Nc3 Nf6 4.e3 e6 5.Nf3 Nbd7 6.Qc2 Bd6 7.Be2 O-O 8.O-O Re8
9.b3 dxc4 10.bxc4 e5 11.a4 exd4 12.exd4 Nf8 13.Bg5 Bg4 14.Rad1 h6 15.Be3 Qe7
16.h3 Bh5 17.Nh4 Bxe2 18.Nf5 Qe6 19.Nxe2 Bb4 20.Neg3 Rad8 21.d5 cxd5 22.Qb2 a5
23.cxd5 Rxd5 24.Rxd5 Qxd5 25.Bxh6 Ng6 26.Bxg7 Nf4 27.Ne3 Rxe3 28.fxe3 Bc5
29.Bxf6 Bxe3+ 30.Kh2 Bd2 31.Rf3  1-0

[Event "Moscow Alekhine op"]
[Site "Moscow"]
[Date "1996.??.??"]
[Round "6"]
[White "Tunik, Gennady"]
[Black "Rodin, Mihail"]
[Result "1/2-1/2"]
[WhiteElo "2475"]
[BlackElo "2400"]

1.d4 d5 2.c4 e6 3.Nf3 Nf6 4.Nc3 c6 5.e3 Nbd7 6.Bd3 Bd6 7.e4 dxe4 8.Nxe4 Nxe4
9.Bxe4 O-O 10.O-O Re8 11.Bg5 f6 12.Bh4 c5 13.Bg3 Nf8 14.Bxd6 Qxd6 15.dxc5 Qxc5
16.Qd4 Qxd4 17.Nxd4 e5 18.Bd5+ Ne6 19.Nb5 Re7 20.f4 exf4 21.Rxf4 Kf8 22.Re4 a6
23.Nc3 Nc5 24.Rxe7 Kxe7 25.Re1+ Kf8 26.Re3 a5 27.Ne4 Nxe4 28.Rxe4 Rb8 29.Kf2 b6
30.Ke3 Bf5 31.Rd4 Re8+ 32.Kd2 Re5 33.a3 Ke7 34.b4 axb4 35.axb4 Kd6 36.Bf3+ Kc7
37.Rd5 Rxd5+ 38.Bxd5 Kd6 39.Kc3 Ke5 40.Bf3 Be6 41.c5 bxc5 42.bxc5 f5 43.Kb4 g5
44.h3 g4 45.hxg4 fxg4 46.Bb7 Kf4 47.Kb5 h5 48.Kb6 h4 49.c6 h3 50.gxh3  1/2-1/2

[Event "Moscow-ch"]
[Site "Moscow"]
[Date "1996.??.??"]
[Round "8"]
[White "Zaitsev, Mikhail"]
[Black "Bobron, Yury"]
[Result "1-0"]
[WhiteElo "2255"]
[BlackElo "2240"]

1.d4 e6 2.c4 d5 3.Nc3 c6 4.e3 Nf6 5.Nf3 Nbd7 6.Bd3 dxc4 7.Bxc4 b5 8.Bd3 Bb7
9.a4 b4 10.Ne4 a5 11.Qc2 Qb6 12.O-O Rc8 13.Nxf6+ gxf6 14.e4 Ba6 15.Be3 Bxd3
16.Qxd3 Qb7 17.Nd2 Bd6 18.Kh1 Bb8 19.f4 O-O 20.Nb3 Bc7 21.Rf3 Kh8 22.Raf1 Rg8
23.Nc5 Nxc5 24.dxc5 Rcd8 25.Qc4 Rg7 26.g3 Qc8 27.Bd4 e5 28.fxe5 fxe5 29.Bg1 Qe6
30.Qxe6 fxe6 31.Be3 h5 32.Bh6 Rgd7 33.Bg5 Rg8 34.Rf7 Rg7 35.Rxd7 Rxd7 36.Rf8+ Kg7
37.Rc8 h4 38.Bxh4 Kg6 39.Kg2 Rd2+ 40.Kh3 Rxb2 41.Rxc7 Ra2 42.Rxc6 Rxa4 43.Rxe6+ Kf7
44.Re7+ Kg6 45.c6 Ra1 46.Rb7 Rc1 47.c7 b3 48.Rxb3 Rxc7 49.Ra3 Rc4 50.Rxa5 Rxe4
51.Ra6+ Kf7 52.Rf6+ Kg7 53.Re6 Kf7 54.Re7+ Kg6 55.g4 Re3+ 56.Bg3 e4 57.Kg2 Re2+
58.Kf1 Re3 59.Bf2  1-0

[Event "Moscow-ch"]
[Site "Moscow"]
[Date "1996.??.??"]
[Round "9"]
[White "Belozerov, Andrei"]
[Black "Denisov, Sergei"]
[Result "1-0"]
[WhiteElo "2455"]
[BlackElo "2150"]

1.d4 Nf6 2.c4 e6 3.Nf3 d5 4.Nc3 c6 5.e3 Bd6 6.Bd3 Nbd7 7.e4 dxe4 8.Nxe4 Nxe4
9.Bxe4 e5 10.O-O O-O 11.dxe5 Nxe5 12.Nxe5 Bxe5 13.Bxh7+ Kxh7 14.Qh5+ Kg8
15.Qxe5 Re8 16.Qc3 Bf5 17.Be3 Qh4 18.Rad1 Re4 19.Rd4 Rae8 20.Rfd1 Qh5 21.R1d2 Qg6
22.Rd8 Kh7 23.Rxe8 Rxe8 24.f3 Qe6 25.Kf2 Qe7 26.Qd4 Kg8 27.Qf4 Bb1 28.a3 b6
29.h4 c5 30.h5 f6 31.b4 Qe5 32.Qxe5 Rxe5 33.Rd8+ Kh7 34.Rd7 Rxh5 35.Rxa7 Bd3
36.bxc5 bxc5 37.a4 Bxc4 38.a5 Re5 39.Rc7 Bd3 40.Rd7 Bc4 41.Rc7 Bd3 42.Rc6 Bc4
43.a6 Re7 44.Bxc5 Re2+ 45.Kg3 Ra2 46.a7 Bd5 47.Rd6 Ba8 48.Rd7 Ra5 49.Bf8 Rg5+
50.Kf2 Bc6 51.Rc7 Bd5 52.Rc8  1-0

[Event "RUS-Cup2"]
[Site "Moscow"]
[Date "1996.??.??"]
[Round "9"]
[White "Notkin, Maksim"]
[Black "Evseev, Denis"]
[Result "1-0"]
[WhiteElo "2520"]
[BlackElo "2395"]

1.d4 d5 2.c4 c6 3.Nc3 Nf6 4.Nf3 e6 5.e3 Nbd7 6.Qc2 Bd6 7.Bd3 O-O 8.O-O dxc4
9.Bxc4 b5 10.Bd3 Bb7 11.e4 e5 12.Rd1 Qb8 13.h3 a6 14.a4 Re8 15.Be3 exd4 16.Bxd4 b4
17.Nb1 c5 18.Bxf6 Nxf6 19.Nbd2 Bf4 20.Re1 Bxd2 21.Nxd2 Qf4 22.Re3 Nd7 23.Nc4 Ne5
24.Nxe5 Rxe5 25.Rae1 Rae8 26.Qe2 Qh6 27.Qf1 g5 28.f3 f5 29.R3e2 fxe4 30.fxe4 Rf8
31.Rf2 Rxf2 32.Qxf2 Qf8 33.Qd2 Kg7 34.Bc4 Bxe4 35.Qd7+ Qe7 36.Qxe7+ Rxe7
37.Bd3 Bxd3 38.Rxe7+ Kf6 39.Rc7 c4 40.Kf2 Ke5 41.Ke3 Kd5 42.g3 Bc2 43.a5 Bf5
44.h4 gxh4 45.gxh4 Bg6 46.Rb7 Kc5 47.Kd2 Bf5 48.Rb6 Bc8 49.h5 h6 50.Rxh6 Kb5
51.Rf6  1-0

[Event "Moscow Alekhine op"]
[Site "Moscow"]
[Date "1996.??.??"]
[Round "9"]
[White "Bezman, Vadim"]
[Black "Burmakin, Vladimir"]
[Result "0-1"]
[WhiteElo "2365"]
[BlackElo "2535"]

1.c4 c6 2.d4 d5 3.Nf3 e6 4.e3 Nf6 5.Nc3 Nbd7 6.Qc2 Bd6 7.Be2 O-O 8.O-O dxc4
9.Bxc4 e5 10.h3 Qe7 11.Bb3 Bb8 12.dxe5 Nxe5 13.Nd4 c5 14.Nf5 Qc7 15.f4 c4
16.Nb5 Qb6 17.Ne7+ Kh8 18.Ba4 Nd3 19.Qxc4 Nxc1 20.Nd4 Be6 21.Qxc1 Qb4 22.Nxe6 fxe6
23.Ng6+ hxg6 24.Bb3 Bd6 25.Bxe6 Rae8  0-1

[Event "Moscow-ch"]
[Site "Moscow"]
[Date "1996.??.??"]
[Round "11"]
[White "Belozerov, Andrei"]
[Black "Melkonyan, Leonard"]
[Result "1-0"]
[WhiteElo "2455"]
[BlackElo "2380"]

1.d4 d5 2.c4 c6 3.Nc3 Nf6 4.e3 e6 5.Nf3 Nbd7 6.Bd3 Bd6 7.e4 dxe4 8.Nxe4 Nxe4
9.Bxe4 O-O 10.O-O Re8 11.Bg5 Qc7 12.c5 Be7 13.Bxe7 Rxe7 14.Re1 b6 15.Qc2 h6
16.cxb6 Nxb6 17.Ne5 Bb7 18.Rac1 Qd6 19.Qc5 Rd8 20.b4 Nd5 21.Bxd5 Qxc5 22.Rxc5 Rxd5
23.Rxd5 cxd5 24.Nd3 Kf8 25.Nc5 Ke8 26.a4 a6 27.f4 Kd8 28.Kf2 Bc8 29.Ke3 Kc7
30.Kd3 Kb6 31.f5 Kc7 32.fxe6 fxe6 33.Rf1 Kd6 34.Rf8 Kc7 35.h4 Bb7 36.Ke3 e5
37.dxe5 Rxe5+ 38.Kd4 Re7 39.Nxb7 Kxb7 40.Kxd5 Rd7+ 41.Ke5 Kc6 42.Rc8+ Kb6
43.Rc4 h5 44.g4 Rd8 45.gxh5 Rh8 46.Kf5 Rh6 47.Re4 Rf6+ 48.Kg5 Rd6 49.Re7 Rd5+
50.Kg6 Rd4 51.a5+ Kc6 52.Re6+ Kd7 53.Rxa6 Rg4+ 54.Kf7 Rxh4 55.Rb6 Rxh5 56.a6 Kc7
57.Rb7+ Kc8 58.Kxg7 Rf5 59.b5 Rg5+ 60.Kf6 Rh5 61.Ke6  1-0